LEADER 01187nam a2200277 u 4500 001 000000080062 003 CaOOAMICUS 005 20070226123615.0 008 040622s2004 it u000 u ita u 020 $a8878121134 035 $a11001440 040 $aPUL$bita 100 1 $aScapecchi, Piero.$0(OLS)http://pul/name/31263 245 10$aIncunabolo :$bitinerario ragionato di orientamento bibliografico /$cPiero Scapecchi. 260 $aRoma :$bAssociazione italiana biblioteche,$c2004. 300 $a92 p. ;$c18 cm 490 1 $aEnciclopedia tascabile ;$v25 500 $aComprende indice. 650 4$aIncunabula.$0(OLS)http://pul/subject/27771 830 0$aEnciclopedia tascabile ;$v25.$0(OLS)http://pul/title/104876 850 $aPUL 852 $aPUL$W1$xSL Cons. Gen., Altre Classi 3$y75$m025 COLL 1.25$j102308$nBK-PRI$qDDC 21$B102308$CPULBib$Z2$F102308 $HPUL95506 $82 941 1 $a9 996 $6020$a8878121134$9(OLS)http://pul/number/105645 996 $6245$aIncunabolo :$bitinerario ragionato di orientamento bibliografico$9(OLS)http://pul/title/104875 996 $6260$aRoma :$bAssociazione italiana biblioteche$9(OLS)http://pul/publisher/75772 LEADER 01744nam a2200361 a 4500 001 000000140081 003 CaOOAMICUS 005 20141020114138.0 008 141020s2005 it 000 0 ita r 020 $a88-7402-255-7 040 $aPUL$bita 082 04$a922 100 1 $aIosephus Cafasso,$cs.,$d1811-1860.$0(OLS)http://pul/name/34308 245 10$aPredicazione varia al popolo :$bistruzioni e discorsi /$cGiuseppe Cafasso ; a cura di Renzo Savarino. 260 $aCantalupa (To) :$bEffatą,$c©2005. 300 $a364 p. ;$c25 cm 490 1 $aEdizione nazionale delle opere di san Giuseppe Cafasso ;$v04 504 $aContiene riferimenti bibliografici. 600 04$aIosephus Cafasso,$cs.,$d1811-1860.$0(OLS)http://pul/subject/28336 700 1 $aSavarino, Renzo.$0(OLS)http://pul/name/90333 800 1 $aIosephus Cafasso,$cs.,$d1811-1860.$tOpere.$0(OLS)http://pul/nameTitle/520$0(OLS)http://pul/name/34308$0(OLS)http://pul/title/5258 830 0$aEdizione nazionale delle opere di san Giuseppe Cafasso ;$v04.$0(OLS)http://pul/title/133279 850 $aPUL 852 $aPUL$W1$xSL Cons. Gen., Altre Classi 3$y75$m922 CAFGI 1.4$j161817$qDDC 21$B161260$CPULBib$Z2$F161260 $H124778 $82 900 $aCafasso, Giuseppe,$cs.,$d1811-1860$934308 900 $aCafasso, Giuseppe,$cs.,$d1811-1860$934308 941 1 $a9 960 $aCafasso, Giuseppe,$cs.,$d1811-1860$928336 996 $6020$a88-7402-255-7 $9(OLS)http://pul/number/156152 996 $6082$a922$9(OLS)http://pul/classification/1965 996 $6245$aPredicazione varia al popolo :$bistruzioni e discorsi$9(OLS)http://pul/title/177327 996 $6260$aCantalupa (To) :$bEffatą$9(OLS)http://pul/publisher/68547